| 000 | 00702nam a2200229 a 4500 | ||
|---|---|---|---|
| 005 | 20220916063641.0 | ||
| 008 | 170911s2004 br r 000 0 spa d | ||
| 020 | _a8524910410 | ||
| 035 | _aUPN01000220363 | ||
| 049 | _aI | ||
| 050 | 4 |
_aPZ74.3 _bB4.5 |
|
| 100 | 1 |
_aBehrendt, Mila _942798 |
|
| 245 | 1 | 0 |
_aPunto y línea / _cMila Behrendt ; il. Graca Lima ; tr. Elsa del M. Bailón Cuba. |
| 260 |
_aSäo Paulo : _bCortez, _c2004. |
||
| 300 |
_a23 p. : _bprincipalmente il. col. |
||
| 650 | 7 |
_aLibros ilustrados para niños _2 _921365 |
|
| 650 | 2 |
_aPoesía y niños _94146 |
|
| 650 | 4 |
_aPOESIA INFANTIL BRASILEÑA _911579 |
|
| 700 | 1 |
_aGraca, Lima, _eil. |
|
| 905 | _aInfantil | ||
| 999 |
_c192462 _d192462 |
||